[Event "Sochi Amateur U12 op 6th"]
[Site "Sochi"]
[Date "2019.04.08"]
[Round "2"]
[White "Yarikov, Artem"]
[Black "Kalandia, Eka"]
[Result "1-0"]
[WhiteElo "1751"]
[BlackElo "1167"]
[PlyCount "101"]
[EventDate "2019.04.07"]
[EventType "swiss"]
[EventRounds "9"]
[EventCountry "RUS"]
[SourceTitle "EXT 2021"]
[Source "ChessBase"]
[SourceDate "2020.10.23"]
[SourceVersion "1"]
[SourceVersionDate "2020.10.23"]
[SourceQuality "1"]

1. e4 c5 2. Nf3 e6 3. d4 cxd4 4. Nxd4 a6 5. c4 Qc7 6. Nc3 Nf6 7. f3 Be7 8. Be3 b6 9. Qd2 Bb7 10. Be2 d6 11. 0-0 Nbd7 12. b3 0-0 13. Rac1 Rac8 14. Rfd1 Qb8 15. Qe1 Bd8 16. Qf2 Bc7 17. g3 Qa8 18. Kf1 Kh8 19. a4 Rg8 20. g4 Qb8 21. Qg2 g6 22. h3 Nc5 23. b4 Ncd7 24. h4 Bd8 25. g5 Ne8 26. f4 Be7 27. Qf2 Nc7 28. Nb3 Bc6 29. b5 axb5 30. axb5 Ba8 31. Bd4+ f6 32. gxf6 Bxf6 33. Bxf6+ Nxf6 34. Rxd6 Bxe4 35. Nxe4 Nxe4 36. Qd4+ Rg7 37. Qxe4 Nxb5 38. Rxe6 Nc7 39. Re5 Re8 40. Bf3 Rxe5 41. Qxe5 Qe8 42. Qxe8+ Nxe8 43. Rd1 Kg8 44. Rd8 Kf8 45. Bc6 Re7 46. Bxe8 Rxe8 47. Rxe8+ Kxe8 48. Kf2 Ke7 49. Ke3 Kd6 50. Kd4 h6 51. Nd2 1-0